| 000 | 00924nam a2200229 i 4500 | ||
|---|---|---|---|
| 001 | 25294 | ||
| 003 | ES-MaACL | ||
| 005 | 20250724063405.0 | ||
| 007 | t| | ||
| 008 | 021223s1889 sp |||| | spa d | ||
| 100 | 1 |
_aFigueroa, Juan Armada y Losada, _cMarqués de, _d1861-1932 _950781 |
|
| 245 | 1 | 0 |
_aDe la poesía gallega _b: discurso leído en el Ateneo de Madrid el 11 de febrero de 1889 / _cpor el Marqués de Figueroa. |
| 260 |
_aMadrid : _b[s.n.], _c1889 ( _fImp. y Fundición de M. Tello) |
||
| 300 |
_a110 p. ; _c14 cm. |
||
| 530 | _aDisponible en formato digital. | ||
| 610 | 2 | 4 |
_aAteneo de Madrid- _vConferencias- _yS.XIX. _91910 |
| 650 | 4 |
_aPoesía gallega. _9154572 |
|
| 710 | 2 |
_aAteneo de Madrid. _91875 |
|
| 852 |
_aES-MaACL _jT-613-F-6 _z. - Dedicatoria autógrafa del autor |
||
| 856 |
_uhttps://archive.org/details/delapoesagalleg00figugoog/page/n6 _zInternet Archive |
||
| 999 |
_c25294 _d25294 |
||